| 000 | 00492nam a22001697a 4500 | ||
|---|---|---|---|
| 999 |
_c5384 _d5384 |
||
| 003 | GBCCL | ||
| 005 | 20241126110540.0 | ||
| 008 | 180316b ||||| |||| 00| 0 eng d | ||
| 040 | _cgbc | ||
| 082 |
_aVER 248.4 _bKHA |
||
| 100 |
_aKhaizakham, Kh. _98513 |
||
| 245 |
_aKhawvel ah um nalai Khawvel mi chu hi talo: _bGingtu kalchawih kisukdikna / _cKh. Khaizakham |
||
| 260 |
_aLamka: _bHenjang & Family, _c2013 |
||
| 300 |
_a103 p.; _c21 cm. |
||
| 650 |
_aChristian life _9183 |
||
| 942 |
_2ddc _cBK _03 |
||